[Event "chess.com SpeedChess 2024"]
[Site "chess.com INT"]
[Date "2024.07.26"]
[Round "1.15"]
[Board "15"]
[White "Nepomniachtchi, Ian"]
[Black "Abdusattorov, Nodirbek"]
[Result "0-1"]
[WhiteTitle "GM"]
[BlackTitle "GM"]
[WhiteElo "2770"]
[BlackElo "2769"]
[WhiteFideId "4168119"]
[BlackFideId "14204118"]
[EventDate "2024.07.25"]
[EventType "k.o."]

1. e4 e6 2. d4 d5 3. exd5 exd5 4. Nf3 Bd6 5. c4 Nf6 6. c5 Be7 7. Bd3 O-O 8. O-O
Nc6 9. h3 Ne4 10. Nc3 Bf5 11. Re1 Bf6 12. Nxe4 dxe4 13. Bxe4 Bxe4 14. Rxe4 Qd5
15. Rf4 Rfe8 16. Be3 Rad8 17. Qd2 Re4 18. Rxe4 Qxe4 19. Rd1 Qd5 20. a3 h6 21. b4
a6 22. Qc3 Ne7 23. Qc2 c6 24. a4 Nf5 25. Qb1 g5 26. b5 axb5 27. axb5 Kg7 28.
bxc6 bxc6 29. Qc2 Re8 30. Rd3 Rd8 31. Bd2 Qe4 32. Bc3 h5 33. d5 Rxd5 34. Bxf6+
Kxf6 35. Qc3+ Kg6 36. Rxd5 Qxd5 37. Qh8 Ng7 38. Qf8 f6 39. Qe7 Nf5 40. Qe8+ Kg7
41. Qxh5 Qxc5 42. Qg4 Kg6 43. h4 Nh6 44. h5+ Kf7 45. Qd7+ Qe7 46. Qxc6 Kg7 47.
Qc4 Qe8 48. g4 Qd7 49. Nh2 Nf7 50. Nf3 Nh6 51. Nh2 Nf7 52. Qe4 Ne5 53. Kg2 Kh6
54. f3 Qd2+ 55. Kh3 Qd7 56. Qe2 Nd3 57. Qe3 Nf4+ 58. Kg3 Qc7 59. Kf2 Qc2+ 60.
Kf1 Qxh2 61. Qe4 Qd2 62. Qe8 Qd1+ 63. Kf2 Qc2+ 64. Kf1 Qd3+ 65. Kf2 Qd4+ 66. Kf1
Qc4+ 67. Kf2 Qd4+ 68. Kf1 Qa1+ 69. Kf2 Qa7+ 70. Kf1 Qg7 71. Kf2 Kh7 72. Qe4+ Kh8
73. Qe8+ Qg8 74. Qe7 Qa2+ 75. Kf1 Qc4+ 76. Kf2 Qd4+ 77. Kf1 Qd1+ 78. Kf2 Qd2+
79. Kf1 Qg2+ 80. Ke1 Qg1+ 81. Kd2 Qf2+ 82. Kc1 Qc5+ 83. Qxc5 Nd3+ 84. Kd2 Nxc5
85. Ke3 Ne6 86. Ke4 Kg7 87. Kf5 Nf4 88. Ke4 Ne2 89. Kf5 Nd4+ 90. Ke4 Ne6 91. Kf5
Nf4 92. Ke4 Nh3 93. Kf5 Ng1 94. Ke4 Kh6 95. Ke3 Kg7 96. Ke4 Kf7 97. Ke3 Ke6 98.
Ke4 Nh3 99. Ke3 Ke5 100. Kd3 Nf4+ 101. Ke3 Nd5+ 102. Kd3 Ne7 103. Ke3 Ng8 104.
Ke2 Nh6 105. Ke3 f5 106. gxf5 Kxf5 107. Ke2 Kf4 108. Kf2 Nf5 109. Kg2 Nh4+ 110.
Kf2 Nxf3 111. h6 Ne5 112. h7 Ng6 113. Kg2 g4 114. Kf2 g3+ 115. Kg2 Kg4 116. Kg1
Kf3 117. Kf1 g2+ 118. Kg1 Nh8 0-1

[Event "chess.com SpeedChess 2024"]
[Site "chess.com INT"]
[Date "2024.07.26"]
[Round "1.16"]
[Board "16"]
[White "Abdusattorov, Nodirbek"]
[Black "Nepomniachtchi, Ian"]
[Result "0-1"]
[WhiteTitle "GM"]
[BlackTitle "GM"]
[WhiteElo "2769"]
[BlackElo "2770"]
[WhiteFideId "14204118"]
[BlackFideId "4168119"]
[EventDate "2024.07.25"]
[EventType "k.o."]

1. e4 Nf6 2. d3 d5 3. e5 Nfd7 4. Nf3 c5 5. c3 Nc6 6. d4 a6 7. Bd3 cxd4 8. cxd4
Nb6 9. O-O Bg4 10. Be3 e6 11. Nbd2 Be7 12. h3 Bh5 13. a3 Rc8 14. Rc1 O-O 15. b4
Na7 16. Nb3 Rxc1 17. Bxc1 Nb5 18. Nc5 Qc8 19. g4 Bg6 20. Bxg6 hxg6 21. Qd3 Nc4
22. a4 Nc7 23. a5 Nb5 24. Nd2 b6 25. axb6 Nxb6 26. Ndb3 Nc4 27. Kg2 Rd8 28. f4
Na7 29. f5 exf5 30. gxf5 gxf5 31. Rxf5 Nc6 32. Rh5 g6 33. Rh6 Bf8 34. Rh4 Nxb4
35. Qf3 Qf5 36. Qxf5 gxf5 37. Bg5 Rc8 38. Nd7 Bg7 39. Nbc5 Nc6 40. Nf6+ Kf8 41.
Nfd7+ Kg8 42. Nf6+ Kf8 43. Rh7 N6xe5 44. Ncd7+ Nxd7 45. Nxd7+ Kg8 46. Rh4 a5 47.
Nf6+ Kf8 48. Nxd5 a4 49. Be7+ Ke8 50. Rh7 Bxd4 51. Rh4 Ne3+ 52. Nxe3 Bxe3 53.
Ba3 f4 54. Rh7 Rc3 55. Bd6 a3 56. Be5 Rc2+ 57. Kf3 a2 58. Rh8+ Kd7 59. Ra8 Ke6
60. Ba1 f5 61. Ra6+ Kd7 0-1

[Event "chess.com SpeedChess 2024"]
[Site "chess.com INT"]
[Date "2024.07.26"]
[Round "1.17"]
[Board "17"]
[White "Nepomniachtchi, Ian"]
[Black "Abdusattorov, Nodirbek"]
[Result "1-0"]
[WhiteTitle "GM"]
[BlackTitle "GM"]
[WhiteElo "2770"]
[BlackElo "2769"]
[WhiteFideId "4168119"]
[BlackFideId "14204118"]
[EventDate "2024.07.25"]
[EventType "k.o."]

1. Nf3 b6 2. g3 Bb7 3. Bg2 Nf6 4. O-O e6 5. c4 Be7 6. Nc3 O-O 7. Re1 Ne4 8. Qc2
f5 9. d4 Bf6 10. Bd2 d6 11. Rad1 Nd7 12. Bc1 Qe7 13. Nd2 Nxc3 14. bxc3 Bxg2 15.
Kxg2 c5 16. e4 cxd4 17. exf5 Nc5 18. cxd4 Bxd4 19. Nf3 Bf6 20. fxe6 Rfe8 21. Ba3
Nxe6 22. Bxd6 Qb7 23. Qf5 Nd4 24. Qd5+ Qxd5 25. cxd5 Nxf3 26. Kxf3 Rxe1 27. Rxe1
Rd8 28. Re6 Kf7 29. Ke4 Rc8 30. Be5 Rc4+ 31. Kd3 Ra4 32. Bxf6 gxf6 33. Rc6 Rxa2
34. Rc7+ Ke8 35. Rxh7 Rxf2 36. Ke4 a5 37. h4 a4 38. Ra7 b5 39. h5 Rh2 40. g4 b4
41. Rxa4 b3 42. Rb4 b2 43. Rb7 Rf2 44. h6 Rh2 45. Kf5 Rxh6 46. Rxb2 Kd7 47. Rb6
Rh1 48. Rxf6 Rf1+ 49. Kg6 Rd1 50. d6 Rg1 51. g5 Rg2 52. Kh6 Rh2+ 53. Kg7 Ke8 54.
g6 Rg2 55. Kg8 Rf2 56. Rxf2 1-0

[Event "chess.com SpeedChess 2024"]
[Site "chess.com INT"]
[Date "2024.07.26"]
[Round "1.18"]
[Board "18"]
[White "Abdusattorov, Nodirbek"]
[Black "Nepomniachtchi, Ian"]
[Result "1/2-1/2"]
[WhiteTitle "GM"]
[BlackTitle "GM"]
[WhiteElo "2769"]
[BlackElo "2770"]
[WhiteFideId "14204118"]
[BlackFideId "4168119"]
[EventDate "2024.07.25"]
[EventType "k.o."]

1. e4 c5 2. Nf3 Nc6 3. d4 cxd4 4. Nxd4 Nf6 5. Nc3 e6 6. Qd3 d6 7. Be2 Bd7 8. Be3
Be7 9. O-O O-O 10. Rad1 a6 11. Nxc6 Bxc6 12. a4 b5 13. axb5 axb5 14. Nxb5 Bxe4
15. Qb3 Rb8 16. c4 d5 17. Qa4 Ra8 18. Qb3 Qb8 19. Qc3 Rc8 20. b3 Ra2 21. Rd2 Ra8
22. h3 Qxb5 23. Qxf6 Bxf6 24. cxb5 Bc3 25. Rdd1 Bc2 26. b6 Rab8 27. Rc1 Bb2 28.
Ba6 Rc6 29. Bb5 Rcc8 30. Bd7 Bxc1 31. Rxc1 Rd8 32. Bc6 d4 33. Bd2 d3 34. b7 Rd6
35. Bf3 Rb6 36. Ra1 Rd6 37. Ra8 Rdd8 38. Bf4 e5 39. Bxe5 Rxa8 40. bxa8=Q Rxa8
41. Bxa8 d2 42. Bf3 Bxb3 43. Bc3 d1=Q+ 44. Bxd1 Bxd1 45. f3 f6 46. Kf2 Kf7 47.
Bb2 Bb3 48. Ba3 Bd5 49. Bb4 g5 50. Kg3 h5 51. Kf2 Kg6 52. Bc3 f5 53. Be5 g4 54.
hxg4 hxg4 55. f4 Be4 56. g3 Bf3 57. Ke3 Be4 58. Kd4 Bf3 59. Bd6 Be4 60. Bc5 Bf3
61. Ke5 Be4 62. Kd6 Bf3 63. Ke7 Be4 64. Kd8 Bf3 65. Ke8 Be4 66. Ke7 Bf3 67. Bb4
Be4 68. Bc3 Bf3 69. Kd7 Be4 70. Kc7 Bf3 71. Kd6 Be4 72. Ke6 Bf3 73. Ke7 Be4 74.
Be5 Bf3 75. Bd4 Be4 76. Bf6 Bf3 77. Be5 Be4 78. Bc3 Bf3 79. Bb2 Be4 80. Ba3 Bf3
81. Bc5 Be4 82. Bb6 Bf3 83. Bc7 Be4 84. Bd8 Bf3 85. Bc7 Be4 86. Bb8 Bf3 87. Ba7
Be4 88. Bd4 Bf3 89. Be5 Be4 90. Bf6 Bf3 91. Bg5 Be4 92. Bh4 Bf3 93. Bf6 Be4 94.
Bc3 1/2-1/2

[Event "chess.com SpeedChess 2024"]
[Site "chess.com INT"]
[Date "2024.07.26"]
[Round "1.19"]
[Board "19"]
[White "Nepomniachtchi, Ian"]
[Black "Abdusattorov, Nodirbek"]
[Result "1-0"]
[WhiteTitle "GM"]
[BlackTitle "GM"]
[WhiteElo "2770"]
[BlackElo "2769"]
[WhiteFideId "4168119"]
[BlackFideId "14204118"]
[EventDate "2024.07.25"]
[EventType "k.o."]

1. e4 e6 2. d4 d5 3. e5 c5 4. c3 Nc6 5. Nf3 Bd7 6. Be2 Nge7 7. O-O Nf5 8. dxc5
Bxc5 9. Bd3 O-O 10. Nbd2 Bb6 11. Re1 Rc8 12. Nb3 h6 13. Bxf5 exf5 14. Be3 Be6
15. Bxb6 Qxb6 16. Qd2 Rfd8 17. Nbd4 Ne7 18. h4 a5 19. a4 Qc5 20. h5 Qc4 21. Re3
Nc6 22. b3 Qc5 23. Nb5 Ne7 24. Nfd4 f4 25. Rf3 Nf5 26. Qxf4 Nxd4 27. Nxd4 Qb6
28. Rg3 Kf8 29. Rg6 Re8 30. Rg3 Re7 31. Re1 Rec7 32. Ree3 Re7 33. Ref3 1-0

[Event "chess.com SpeedChess 2024"]
[Site "chess.com INT"]
[Date "2024.07.26"]
[Round "1.20"]
[Board "20"]
[White "Abdusattorov, Nodirbek"]
[Black "Nepomniachtchi, Ian"]
[Result "1/2-1/2"]
[WhiteTitle "GM"]
[BlackTitle "GM"]
[WhiteElo "2769"]
[BlackElo "2770"]
[WhiteFideId "14204118"]
[BlackFideId "4168119"]
[EventDate "2024.07.25"]
[EventType "k.o."]

1. e4 e5 2. Nf3 Nf6 3. d4 Nxe4 4. Bd3 d5 5. Nxe5 Nd7 6. Nxd7 Bxd7 7. O-O Bd6 8.
c4 O-O 9. cxd5 Nf6 10. Nc3 Bg4 11. Qc2 h6 12. h3 Bd7 13. Qb3 Qc8 14. Nb5 Bxb5
15. Bxb5 Qf5 16. Bc4 Rab8 17. a4 a6 18. a5 Rfd8 19. Be3 Bf8 20. Rfc1 Rd7 21. Ra4
Rdd8 22. Qa2 Bd6 23. Qb3 Re8 24. Raa1 Re7 25. Re1 Ree8 26. Re2 h5 27. Rae1 h4
28. Bd3 Qxd5 29. Bc4 Qh5 30. Bd2 Rxe2 31. Rxe2 c6 32. Kf1 Qg6 33. Bd3 Qh5 34.
Bc3 Nd5 35. Bd2 Nf6 36. Qc2 Nd5 37. Be4 Nf6 38. Bd3 Nd5 39. Qc4 Nf6 40. Re1 Nd5
41. Qb3 Nf6 42. Qd1 Qd5 43. Bc3 Bc7 44. Qe2 Bxa5 45. Bc4 Qf5 46. Qe7 Rf8 47.
Bxa5 Qxa5 48. Qxb7 Qd2 49. Qxc6 Qxd4 50. b3 a5 51. Qb5 Qd2 52. Qe5 Qb4 53. Qe7
Qd2 54. Qe3 Qb2 55. Qe2 Qc3 56. Rd1 Re8 57. Qd2 Qe5 58. Re1 Qxe1+ 59. Qxe1 Rxe1+
60. Kxe1 Kf8 61. Ke2 Ke7 62. Ke3 Nh5 63. Be2 Nf6 64. Kf4 Nd5+ 65. Kg5 Nc3 66.
Bf3 Nb1 67. Kxh4 Nd2 68. Bd5 f6 69. Kh5 Kd6 70. Bg8 Ke7 71. Kg6 Kf8 72. Bd5 Nb1
73. g4 Nc3 74. Bc4 Ne4 75. f4 Nf2 76. Bf1 Ne4 77. Bg2 Nc5 78. Bd5 Nd3 79. Kf5
Ke7 80. h4 Nc5 81. h5 a4 82. bxa4 Nxa4 83. Kg6 Kf8 84. h6 gxh6 85. Kxf6 Nc5 86.
Kg6 Nd3 87. Kf5 Kg7 88. Bc4 Nc5 89. Ke5 Nd7+ 90. Ke6 Nf6 91. Be2 Ne4 92. Ke7 Nf6
93. Bf3 Nh7 94. Ke6 Nf6 95. Kf5 Nh7 96. Ke5 Nf6 97. Be2 Nh7 98. Bd3 Nf6 99. Bf5
Ng8 100. Ke6 Nf6 101. Kd6 Ne8+ 102. Ke5 Nf6 103. Be6 Nh7 104. Kd6 Nf6 105. Ke7
Ne4 106. Bd5 Nf6 107. Bf3 Ng8+ 108. Ke6 Nf6 109. f5 Nh7 110. Be2 Ng5+ 111. Ke7
Nh7 112. Bf3 Nf6 113. Ke6 Nh7 114. Ke5 Nf6 115. Kf4 Nh7 116. Bd5 Kf6 117. Be6
Ng5 118. Bd5 Nh3+ 119. Kg3 Ng5 120. Bg2 Kg7 121. Kf4 Kf6 122. Bf1 Nh7 123. Bd3
Ng5 124. Bf1 Nh7 125. Bg2 Ng5 126. Bd5 Nh7 127. Bg2 Ng5 1/2-1/2

[Event "chess.com SpeedChess 2024"]
[Site "chess.com INT"]
[Date "2024.07.26"]
[Round "1.21"]
[Board "21"]
[White "Nepomniachtchi, Ian"]
[Black "Abdusattorov, Nodirbek"]
[Result "0-1"]
[WhiteTitle "GM"]
[BlackTitle "GM"]
[WhiteElo "2770"]
[BlackElo "2769"]
[WhiteFideId "4168119"]
[BlackFideId "14204118"]
[EventDate "2024.07.25"]
[EventType "k.o."]

1. e4 e6 2. d4 d5 3. e5 c5 4. c3 Nc6 5. Nf3 Bd7 6. Be2 f6 7. O-O fxe5 8. Nxe5
Nxe5 9. dxe5 Qc7 10. Bf4 Ne7 11. a4 O-O-O 12. Na3 Kb8 13. Nb5 Bxb5 14. axb5 Nc8
15. Bg3 c4 16. Bg4 Re8 17. b3 cxb3 18. Qxb3 Bc5 19. Kh1 h5 20. Bh3 g5 21. f3
Rhg8 22. Qd1 Nb6 23. Qe2 Qg7 24. Qa2 g4 25. fxg4 hxg4 26. Bxg4 Qxg4 27. Qxa7+
Kc7 28. Rf7+ Re7 29. Rxe7+ Bxe7 30. Qa2 Qxg3 31. hxg3 Bc5 32. Qa4 Nxa4 33. Rxa4
Kb6 0-1

[Event "chess.com SpeedChess 2024"]
[Site "chess.com INT"]
[Date "2024.07.26"]
[Round "1.22"]
[Board "22"]
[White "Abdusattorov, Nodirbek"]
[Black "Nepomniachtchi, Ian"]
[Result "0-1"]
[WhiteTitle "GM"]
[BlackTitle "GM"]
[WhiteElo "2769"]
[BlackElo "2770"]
[WhiteFideId "14204118"]
[BlackFideId "4168119"]
[EventDate "2024.07.25"]
[EventType "k.o."]

1. e4 c5 2. Nf3 d6 3. d4 cxd4 4. Nxd4 Nf6 5. Nc3 a6 6. Be3 e5 7. Nf3 Be7 8. Bc4
Be6 9. Bb3 O-O 10. O-O Qc8 11. Nh4 Nc6 12. Nf5 Bxf5 13. exf5 Qxf5 14. Nd5 Nxd5
15. Qxd5 Rad8 16. c3 Bg5 17. Bb6 Rd7 18. Rad1 Bd8 19. Be3 Bg5 20. Bb6 Bd8 21.
Bc5 Ne7 22. Qd2 Bc7 23. Ba3 Rfd8 24. c4 Bb6 25. Bc2 Qe6 26. b3 Bd4 27. Be4 g6
28. Kh1 Bc5 29. Bb2 d5 30. cxd5 Nxd5 31. Qg5 Nf6 32. Rxd7 Rxd7 33. Bf3 Bd4 34.
Bc1 e4 35. Be2 Nd5 36. Bg4 f5 37. Be2 Bf6 38. Qg3 Kg7 39. a4 Nc3 40. Bc4 Qe5 41.
Bf4 Qe7 42. h3 b5 43. axb5 axb5 44. Rc1 bxc4 45. Rxc3 Rd3 46. Rxd3 cxd3 47. Qe3
g5 48. Bh2 f4 49. Qd2 Qd7 50. Bg1 Qc6 51. Qa5 Qd6 52. Qd2 Qc5 53. Qa2 Qc2 54.
Qa7+ Kg6 55. Qa8 d2 56. Qg8+ Kf5 57. Qxh7+ Ke5 58. Qb7 d1=Q 59. Qb5+ Ke6 60.
Qe8+ Be7 61. Qg6+ Kd7 62. Qf5+ Kc7 63. Qa5+ Kb7 64. Qb5+ Kc8 65. Qe8+ Bd8 66.
Qe6+ Qd7 67. Qa6+ Kb8 68. f3 e3 0-1

[Event "chess.com SpeedChess 2024"]
[Site "chess.com INT"]
[Date "2024.07.26"]
[Round "1.23"]
[Board "23"]
[White "Nepomniachtchi, Ian"]
[Black "Abdusattorov, Nodirbek"]
[Result "1-0"]
[WhiteTitle "GM"]
[BlackTitle "GM"]
[WhiteElo "2770"]
[BlackElo "2769"]
[WhiteFideId "4168119"]
[BlackFideId "14204118"]
[EventDate "2024.07.25"]
[EventType "k.o."]

1. e4 e6 2. d4 d5 3. Nc3 dxe4 4. Nxe4 Nd7 5. Nf3 Ngf6 6. Nxf6+ Nxf6 7. Ne5 a6 8.
Be3 Bd6 9. Nc4 Bd7 10. Be2 Nd5 11. Bd2 b5 12. Nxd6+ cxd6 13. O-O O-O 14. a3 Bc6
15. b3 Nf6 16. c4 Ne4 17. Be1 bxc4 18. bxc4 Qb6 19. f3 Nf6 20. Bf2 Qa5 21. Qe1
Qc7 22. Qd2 Rfc8 23. Rab1 h6 24. Rb2 Nd7 25. Rfb1 a5 26. Bg3 a4 27. c5 e5 28. d5
Nxc5 29. dxc6 Nb3 30. Qd5 Ra5 31. Qc4 d5 32. Qb4 Rb8 33. Qg4 f6 34. Qd7 Rc8 35.
Qxc7 Rxc7 36. Bd1 Nd4 37. Rc1 Rxc6 38. Rxc6 Nxc6 39. Be1 Ra6 40. Rb5 d4 41. Rc5
Ne7 42. Kf2 Nf5 43. Bd2 Rb6 44. Bxa4 Rb2 45. Rc2 Rb1 46. Bc6 Ra1 47. a4 h5 48.
Ra2 Rb1 49. a5 Ne3 50. Bxe3 dxe3+ 51. Kxe3 1-0

[Event "chess.com SpeedChess 2024"]
[Site "chess.com INT"]
[Date "2024.07.26"]
[Round "1.24"]
[Board "24"]
[White "Abdusattorov, Nodirbek"]
[Black "Nepomniachtchi, Ian"]
[Result "0-1"]
[WhiteTitle "GM"]
[BlackTitle "GM"]
[WhiteElo "2769"]
[BlackElo "2770"]
[WhiteFideId "14204118"]
[BlackFideId "4168119"]
[EventDate "2024.07.25"]
[EventType "k.o."]

1. e4 e5 2. Nf3 Nf6 3. d4 Nxe4 4. Bd3 d5 5. Nxe5 Nd7 6. Nxd7 Bxd7 7. O-O Bd6 8.
c4 O-O 9. cxd5 Nf6 10. Nc3 h6 11. Qb3 Qc8 12. Nb5 Bxb5 13. Bxb5 a6 14. Bd3 b5
15. h3 Qb7 16. Be2 Qxd5 17. Qd3 Rad8 18. Bf3 Qe6 19. Bd2 c5 20. Rfe1 Qd7 21.
dxc5 Bh2+ 22. Kxh2 Qxd3 23. Bf4 Qd4 24. Be3 Qe5+ 25. Kg1 Qxb2 26. c6 Nd5 27. Bc5
Qf6 28. Bxf8 Kxf8 29. Bxd5 Rxd5 30. c7 Qc6 31. Rac1 Rc5 32. Rcd1 Qxc7 33. g3 g6
34. h4 h5 35. Kh2 Rc2 36. Kg1 Kg7 37. Rd3 Rc1 38. Rxc1 Qxc1+ 39. Kh2 Qc2 40. Rf3
Qxa2 0-1

[Event "chess.com SpeedChess 2024"]
[Site "chess.com INT"]
[Date "2024.07.29"]
[Round "1.1"]
[White "Firouzja, Alireza"]
[Black "Grischuk, Alexander"]
[Result "1-0"]
[WhiteTitle "GM"]
[BlackTitle "GM"]
[WhiteElo "2744"]
[BlackElo "2708"]
[WhiteFideId "12573981"]
[BlackFideId "4126025"]
[EventDate "2024.07.25"]
[EventType "k.o."]

1. e4 e5 2. Nf3 Nc6 3. Bb5 Nf6 4. O-O Nxe4 5. d4 Nd6 6. Bxc6 dxc6 7. dxe5 Nf5 8.
Qxd8+ Kxd8 9. h3 Bd7 10. Rd1 Be7 11. g4 Nh4 12. Nxh4 Bxh4 13. Nd2 Kc8 14. Nf3
Be7 15. Bg5 Bc5 16. Rd3 Be6 17. Re1 h5 18. a3 hxg4 19. hxg4 a5 20. Re4 b5 21.
Be3 Be7 22. Kg2 Kb7 23. Kg3 c5 24. Bg5 c4 25. Rd1 Bc5 26. c3 c6 27. Nh4 Rh7 28.
f4 Bd5 29. Re2 b4 30. a4 Re8 31. f5 f6 32. Bf4 fxe5 33. Bxe5 Reh8 34. Ng6 Rh3+
35. Kf4 Rf3+ 36. Kg5 Rh7 37. Rde1 b3 38. Nf4 Bf7 39. Bd4 Bxd4 40. Re7+ Kb6 41.
cxd4 Bg8 42. Rd7 c3 43. Ree7 c5 44. Rd6# 1-0

[Event "chess.com SpeedChess 2024"]
[Site "chess.com INT"]
[Date "2024.07.29"]
[Round "1.2"]
[White "Grischuk, Alexander"]
[Black "Firouzja, Alireza"]
[Result "1-0"]
[WhiteTitle "GM"]
[BlackTitle "GM"]
[WhiteElo "2708"]
[BlackElo "2744"]
[WhiteFideId "4126025"]
[BlackFideId "12573981"]
[EventDate "2024.07.25"]
[EventType "k.o."]

1. d4 d6 2. e4 Nf6 3. Nc3 e5 4. Nf3 Nbd7 5. h3 c6 6. a4 g6 7. Be3 Bg7 8. Bc4 O-O
9. dxe5 dxe5 10. Qd6 h6 11. O-O Re8 12. Rfd1 Qe7 13. Qxe7 Rxe7 14. a5 Bf8 15. g4
Kg7 16. Kg2 Re8 17. g5 hxg5 18. Nxg5 Re7 19. Ne2 Nh5 20. Kh2 Ndf6 21. Rd8 Rd7
22. Rd1 Rxd1 23. Rxd1 Bb4 24. Nxf7 Bxa5 25. f3 Bc7 26. Bh6+ Kh7 27. Bf8 Bxh3 28.
Bd6 Bxd6 29. Rxd6 Bf1 30. Nxe5 Kg7 31. Kg1 Bxe2 32. Bxe2 Nf4 33. Bf1 Re8 34. Nd3
Ne6 35. e5 Nd5 36. c4 Ndf4 37. Rd7+ Kh6 38. Nxf4 Nxf4 39. Rxb7 a5 40. Rc7 Re6
41. Kf2 Kg5 42. b3 Kf5 43. Ke3 Rxe5+ 44. Kd2 Rc5 45. Bd3+ Nxd3 46. Kxd3 Kf4 47.
Kd4 Rf5 48. Rxc6 g5 49. c5 Kxf3 50. Rg6 g4 51. c6 Rf7 52. Kc5 g3 53. Kb6 g2 54.
c7 1-0

[Event "chess.com SpeedChess 2024"]
[Site "chess.com INT"]
[Date "2024.07.29"]
[Round "1.3"]
[White "Firouzja, Alireza"]
[Black "Grischuk, Alexander"]
[Result "1/2-1/2"]
[WhiteTitle "GM"]
[BlackTitle "GM"]
[WhiteElo "2744"]
[BlackElo "2708"]
[WhiteFideId "12573981"]
[BlackFideId "4126025"]
[EventDate "2024.07.25"]
[EventType "k.o."]

1. e4 e5 2. Nf3 Nc6 3. Bb5 Nf6 4. O-O Nxe4 5. d4 Nd6 6. Bxc6 dxc6 7. dxe5 Nf5 8.
Qxd8+ Kxd8 9. h3 h6 10. Nc3 Bd7 11. b3 Kc8 12. Bb2 b6 13. Rad1 c5 14. Nd5 a5 15.
a4 c4 16. Rfe1 cxb3 17. cxb3 Be6 18. Rd3 Bc5 19. g4 Rd8 20. Nf4 Rxd3 21. Nxd3
Ne7 22. Nxc5 bxc5 23. Nd2 Rb8 24. Ba3 Bxb3 25. f4 Bxa4 26. Bxc5 Nd5 27. f5 Rb2
28. Re2 Nf4 29. Re4 Nxh3+ 30. Kh2 Bc6 31. Kxh3 Bxe4 32. Nxe4 Re2 33. Nc3 Rxe5
34. Bd4 Re1 35. Bxg7 Ra1 36. Kh4 a4 37. Bxh6 a3 38. Kg5 Rc1 39. Bg7 Kd7 40. Be5
Rc2 41. Kf6 Ke8 42. Kg7 a2 43. Nd5 Rc5 44. Nf6+ Ke7 45. Bb2 Rc2 46. Be5 Rc5 47.
Bb2 Rc2 48. Be5 Rc5 1/2-1/2

[Event "chess.com SpeedChess 2024"]
[Site "chess.com INT"]
[Date "2024.07.29"]
[Round "1.4"]
[White "Grischuk, Alexander"]
[Black "Firouzja, Alireza"]
[Result "1/2-1/2"]
[WhiteTitle "GM"]
[BlackTitle "GM"]
[WhiteElo "2708"]
[BlackElo "2744"]
[WhiteFideId "4126025"]
[BlackFideId "12573981"]
[EventDate "2024.07.25"]
[EventType "k.o."]

1. d4 Nf6 2. c4 g6 3. Nc3 d5 4. cxd5 Nxd5 5. e4 Nxc3 6. bxc3 Bg7 7. Nf3 c5 8.
Bb5+ Nc6 9. O-O O-O 10. Bxc6 bxc6 11. Qc2 cxd4 12. cxd4 Bg4 13. Ne5 Qxd4 14. Bb2
Qb6 15. Rab1 Bxe5 16. Bxe5 Qa6 17. Rbe1 Be6 18. f4 Qxa2 19. Qc5 f6 20. Ba1 Rf7
21. Rf2 Qc4 22. Qe3 Qb5 23. f5 gxf5 24. e5 f4 25. Qxf4 f5 26. Qh6 Qd5 27. Rd2
Qb3 28. Red1 Raf8 29. Rd3 Qa2 30. R3d2 Qb3 31. Rd3 Qa2 32. R3d2 Qb3 1/2-1/2

[Event "chess.com SpeedChess 2024"]
[Site "chess.com INT"]
[Date "2024.07.29"]
[Round "1.5"]
[White "Firouzja, Alireza"]
[Black "Grischuk, Alexander"]
[Result "1/2-1/2"]
[WhiteTitle "GM"]
[BlackTitle "GM"]
[WhiteElo "2744"]
[BlackElo "2708"]
[WhiteFideId "12573981"]
[BlackFideId "4126025"]
[EventDate "2024.07.25"]
[EventType "k.o."]

1. e4 e5 2. Nf3 Nc6 3. Bb5 Nf6 4. O-O Nxe4 5. d4 Nd6 6. Bxc6 dxc6 7. dxe5 Nf5 8.
Qxd8+ Kxd8 9. h3 h6 10. Nc3 Bd7 11. b3 Kc8 12. Bb2 b6 13. Rad1 c5 14. Nd5 a5 15.
g4 Ne7 16. Nf4 a4 17. e6 Bxe6 18. Nxe6 fxe6 19. Ne5 axb3 20. axb3 Ra2 21. Nf7
Rg8 22. Rd8+ Kb7 23. Be5 Rxc2 24. Re8 Nc6 25. Nd8+ Nxd8 26. Rxd8 Bd6 27. Rxg8
Bxe5 28. Re8 Rb2 29. Rxe6 Bd4 30. Kg2 Rxb3 31. f4 b5 32. h4 b4 33. g5 hxg5 34.
hxg5 Rb2+ 35. Kg3 c4 36. Re4 Rd2 37. f5 b3 38. f6 gxf6 39. g6 f5 40. Rxf5 b2 41.
Rb5+ Kc6 42. Rb8 c3 43. Rxd4 Rxd4 44. g7 Rd1 45. Kg2 Rd2+ 46. Kf3 Rd3+ 47. Kf2
Rd2+ 48. Kf3 Rd3+ 49. Kf2 Rd2+ 50. Kf3 1/2-1/2

[Event "chess.com SpeedChess 2024"]
[Site "chess.com INT"]
[Date "2024.07.29"]
[Round "1.6"]
[White "Grischuk, Alexander"]
[Black "Firouzja, Alireza"]
[Result "0-1"]
[WhiteTitle "GM"]
[BlackTitle "GM"]
[WhiteElo "2708"]
[BlackElo "2744"]
[WhiteFideId "4126025"]
[BlackFideId "12573981"]
[EventDate "2024.07.25"]
[EventType "k.o."]

1. d4 Nf6 2. c4 e6 3. Nc3 Bb4 4. Qc2 O-O 5. a3 Bxc3+ 6. Qxc3 d5 7. Bg5 h6 8.
Bxf6 Qxf6 9. Nf3 dxc4 10. Qxc4 Nc6 11. Qc3 Re8 12. Rd1 Bd7 13. g3 Ne7 14. Qxc7
Ba4 15. Ra1 Rec8 16. Qa5 Bc6 17. Bg2 Nf5 18. O-O Nxd4 19. Nxd4 Qxd4 20. Bxc6
Rxc6 21. b4 a6 22. Rad1 Qe4 23. Rd8+ Rxd8 24. Qxd8+ Kh7 25. Qd7 Rc2 26. Qxf7
Rxe2 27. h4 Ra2 28. h5 Rxa3 29. Rc1 Rf3 30. Qe8 Rb3 31. Kh2 Qf5 32. Kg2 Rb2 33.
Rf1 Rxb4 34. Qe7 Rb2 35. Kg1 a5 0-1

[Event "chess.com SpeedChess 2024"]
[Site "chess.com INT"]
[Date "2024.07.29"]
[Round "1.7"]
[White "Firouzja, Alireza"]
[Black "Grischuk, Alexander"]
[Result "1-0"]
[WhiteTitle "GM"]
[BlackTitle "GM"]
[WhiteElo "2744"]
[BlackElo "2708"]
[WhiteFideId "12573981"]
[BlackFideId "4126025"]
[EventDate "2024.07.25"]
[EventType "k.o."]

1. e4 e5 2. Nf3 Nc6 3. Bb5 Nf6 4. O-O Nxe4 5. d4 Nd6 6. Bxc6 dxc6 7. dxe5 Nf5 8.
Qxd8+ Kxd8 9. h3 h6 10. Nc3 Bd7 11. b3 Kc8 12. Bb2 b6 13. Rad1 c5 14. Nd5 a5 15.
a4 c4 16. g4 Ne7 17. Nf4 cxb3 18. cxb3 Nc6 19. e6 fxe6 20. Rfe1 Bb4 21. Re4 Rg8
22. Nh5 g6 23. Nf6 Rd8 24. Rc1 Kb7 25. Nxd7 Rxd7 26. Rxe6 Rd6 27. Rxd6 Bxd6 28.
Nh4 Rg8 29. Re1 Be7 30. Nf3 Rf8 31. Kg2 Bf6 32. Bc1 Nd4 33. Nxd4 Bxd4 34. f3 h5
35. Re6 hxg4 36. hxg4 Rf6 37. Rxf6 Bxf6 38. g5 Bc3 39. Kg3 Kc6 40. Bf4 Kd7 41.
Kg4 c6 42. Be3 b5 43. f4 Ke6 44. Bf2 bxa4 45. bxa4 Bb4 46. Kf3 Kf5 47. Bd4 c5
48. Be5 c4 49. Ke3 Bc5+ 50. Kd2 Ke4 51. Kc3 Kd5 52. Kc2 Bb4 53. Bc3 Bd6 54. f5
gxf5 55. g6 Ke6 56. Bxa5 Kf6 57. Kc3 f4 58. Bb6 f3 59. a5 Bc7 60. Bd4+ Kxg6 61.
a6 Be5 62. Bxe5 f2 63. a7 f1=Q 64. a8=Q Qd3+ 65. Kb4 Qb3+ 66. Kc5 Qe3+ 67. Bd4
Qe7+ 68. Kxc4 Qe6+ 69. Kc3 Qh3+ 70. Kb4 Qe6 71. Qg2+ Kf7 72. Qg7+ Ke8 73. Bc5
Qe4+ 74. Ka5 Qe6 75. Kb4 Qe4+ 76. Kb5 1-0